00618 2200217 4500001002100000005001500021035002000036007000300056008004100059020001800100082001000118084001600128100003200144245007400176250001000250260004600260300002800306650001200334700003700346990001700383INLIS00000000000012120170911033332 a0010-0917000107ta170911 0 ind  a979-25-7142-6 a297.5 a297.5 ABD b0 aAbdul Gaos Saefulloh Maslul1 aBulan Hijriah Dalam Dimensi Sufi /cK.H.M abdul Gaos Saefulloh Maslul aCet.1 aBandung :bCV.Wahana Karya Grafika,c2006 a248 hlm ;c13,5 x 21 cm aTasawuf0 aK.H.M Zaenal Abidin Bazul Asyhab a10.307.15475